Inventario artístico de Huesca y su provincia. (Registro nro. 83598)

Detalles MARC
000 -LEADER
campo de control de longitud fija 00850nam a2200205 i 4500
001 - NÚMERO DE CONTROL
campo de control 83598
003 - IDENTIFICADOR DE NÚMERO DE CONTROL
campo de control ES-MaACL
005 - FECHA Y HORA DE LA ÚLTIMA TRANSACCIÓN
campo de control 20230906174847.0
007 - CAMPO FIJO DE DESCRIPCIÓN FÍSICA--INFORMACIÓN GENERAL
campo de control de longitud fija t|
008 - DATOS DE LONGITUD FIJA--INFORMACIÓN GENERAL
campo de control de longitud fija 041117s1980 sp ae |||| | spa d
080 ## - NÚMERO DE LA CLASIFICACIÓN DECIMAL UNIVERSAL
Número de la Clasificación Decimal Universal 7(460.222)
245 00 - MENCIÓN DEL TÍTULO
Título Inventario artístico de Huesca y su provincia.
260 ## - PUBLICACIÓN, DISTRIBUCIÓN, ETC.
Lugar de publicación, distribución, etc. Madrid :
Nombre del editor, distribuidor, etc. Dirección General de Bellas Artes, Archivos y Bibliotecas,
Fecha de publicación, distribución, etc. 1980.
300 ## - DESCRIPCIÓN FÍSICA
Extensión 1 t. en 2 v. :
Otras características físicas il., planos ;
Dimensiones 18 cm.
505 8# - NOTA DE CONTENIDO CON FORMATO
Nota de contenido con formato Contiene: t. I: ;
Título Partido Judicial de Huesca / [realizado por Antonio Naval Mas y Joaquín Naval Mas] - v. 1 ;
-- Ciudad de Huesca, Aguas-Ayerbe - v. 2 ;
-- Partido Judicial de Huesca (Banaries-Yequeda)
650 #4 - PUNTO DE ACCESO ADICIONAL DE MATERIA--TÉRMINO DE MATERIA
Término de materia o nombre geográfico como elemento de entrada Patrimonio cultural-
Subdivisión geográfica Huesca (Provincia)-
Subdivisión de forma Inventarios.
9 (RLIN) 157610
700 1# - ENTRADA AGREGADA--NOMBRE PERSONAL
Nombre de persona Naval Mas, Antonio.
9 (RLIN) 85023
700 1# - ENTRADA AGREGADA--NOMBRE PERSONAL
Nombre de persona Naval Mas, Joaquín.
9 (RLIN) 85024
852 ## - LOCALIZACIÓN
Ubicación ES-MaACL
Número de control de estantería P-408
Existencias
Estatus retirado Estado de pérdida Estado de daño No para préstamo Biblioteca de origen Biblioteca actual Ubicación en estantería Fecha de adquisición Fuente de adquisición Total de préstamos Signatura topográfica completa Código de barras Visto por última vez Precio de reemplazo Tipo de ítem Koha
        Biblioteca del Ateneo de Madrid Biblioteca del Ateneo de Madrid Depósito 2 17/01/2008     P-408 1087372 23/02/2023 23/02/2023 Libro impreso